000 00483nam a2200193Ia 4500
003 OSt
005 20260318145524.0
008 250729s1993 xx 000 0 und d
020 _a9788183165785
040 _cAL
041 _aeng
082 _a620.7 THAI
100 _aDr.Kokila Thangasamy
_9230328
245 _aInstructional technology curriculum development
260 _aMadurai
_bMaa Nilaa
_c1993
300 _a10-6p
650 _aTechnology
_9230329
942 _2ddc
_cBED
999 _c238727
_d238727